| 000 | 02931nam a22002537a 4500 | ||
|---|---|---|---|
| 005 | 20240305165608.0 | ||
| 007 | cr|||| |||| | ||
| 008 | 210618s2019 co |||||s|||| 00||0 spa d | ||
| 020 | _a978-958-792-102-1 | ||
| 035 | _a33442 | ||
| 040 | _avLex | ||
| 090 |
_c11822 _d11822 |
||
| 100 | 1 | _aRodero, José Antonio | |
| 245 | 1 | 0 |
_aEstrategia empresarial _h[Recurso electrónico] : _bDel diagnóstico a la implantación / _cJosé Antonio Rodero |
| 256 | _aServicio en línea | ||
| 260 |
_aBogotá: _bEdiciones de la U, _c2019 |
||
| 300 | _a1 recurso electrónico | ||
| 500 | _aLa evolución tecnológica, los cambios de paradigma en las industrias clásicas, como la automoción o la alimentación, la globalización de la economía y las nuevas formas de vivir, pensar y consumir, son solo algunos de los factores que están dinamizando de forma importante el ecosistema empresarial. En un contexto así, una buena estrategia empresarial es un factor crítico para cualquier compañía. La definición estratégica marcará el rumbo a seguir, los objetivos a largo plazo y cómo lograr esas metas. Este libro permitirá al lector hacer una aproximación en profundidad a esta disciplina, ya que aborda de forma rigurosa todos los conceptos vinculados a la estrategia, haciendo énfasis en la parte práctica, en cómo aplicar todas esas nociones a las empresas que dirigimos. Nos basaremos en el proceso estratégico real, siguiendo las tres fases que lo componen: El análisis estratégico, incluyendo tanto el diagnóstico interno, que nos ayudará a ser conscientes de la situación de partida de la propia empresa, como el diagnóstico externo, que incluirá el sector y otros factores fuera de este. La definición de la estrategia propiamente dicha, a partir de las conclusiones del análisis previo. Presentaremos diferentes herramientas que nos serán de ayuda, desde las más clásicas hasta las basadas en los diferentes modelos de innovación. La implantación, aportando las claves sobre cómo hacer realidad los objetivos marcados. Trataremos especialmente la gestión del cambio y los instrumentos vinculados a esta fase, como el cuadro de mando integral. Además, abordaremos los aspectos prácticos necesarios para tener éxito en esta tarea. Cualquier lector que estudie este libro se sentirá cómodo en un proceso de definición estratégica en su empresa, así como en su posterior implantación. | ||
| 506 | 1 |
_aDisponible solo en los productos indicados _dvLex Global _dvLex Global (Academic Edition, excluding Law Schools) _dvLex Global (U.S. Academic Edition, Law Schools) _dvLex Global (U.S. Academic Edition, excluding Law Schools) _dvLex Global (Academic Edition, Law Schools) |
|
| 650 | 0 | 4 |
_aAdministración (Management) _zColombia |
| 740 | 0 | _avLex Libros (Servicio en línea) | |
| 856 | 4 | 0 | _uhttps://vlex.com/source/estrategia-empresarial-del-diagnostico-a-la-implantacion-33442 |
| 942 | _cRAA | ||
| 999 |
_c170058 _d170058 |
||